| 000 | 00657nam a2200217Ia 4500 | ||
|---|---|---|---|
| 003 | OSt | ||
| 005 | 20220925183218.0 | ||
| 006 | a|||||r|||| 00| 0 | ||
| 007 | ta | ||
| 008 | 220923b |||||||| |||| 00| 0 eng d | ||
| 037 | _cGeneral Book | ||
| 040 |
_aRTL _cRTL _beng |
||
| 041 |
_2eng _aeng |
||
| 100 |
_aKUMAR Devender _9258018 |
||
| 245 | 0 | _aDevelopment of field sales force in India | |
| 260 |
_aDelhi _bDept of commers _c1984 |
||
| 300 |
_a349p _ccm. |
||
| 490 | _aUniversity of Delhi, Commerce, (Deptt of-), Thesis. Thesis, University of Delhi, Commerce, (Deptt of- | ||
| 942 |
_cGB _2CC |
||
| 999 |
_c504227 _d504227 |
||